00788nam a22001697a 4500003000900000001000800009007000300017008003600020040003800056245019600094300001200290041000800302080000800310260005800318246018200376650006000558UA-OsUOA 50228 ta20140528b un ||||| |||| 00| 0 ukr d aUA-OsUOAbukrcUA-OsUOAdUA-OsUOA aСпеціальні історичні дисципліни: питання теорії і методикиbЗбірник наукових праць та спогадівcЧисло 4 a306 с. aukr a082 aК.bІнститут історії НАНУc200031aЧастина ІnПам'яті відомого вченого-історика доктора історичних наук Олени Станіславівни Компан 7a08 Видання. Колективні праці2UDC